Travelling Into Imaginaria : (Record no. 191850)
[ view plain ]
| 000 -LEADER | |
|---|---|
| fixed length control field | 01500aam a2200373 i 4500 |
| 001 - CONTROL NUMBER | |
| control field | vtls000799261 |
| 003 - CONTROL NUMBER IDENTIFIER | |
| control field | PNM |
| 005 - DATE AND TIME OF LATEST TRANSACTION | |
| control field | 20230328155200.0 |
| 008 - FIXED-LENGTH DATA ELEMENTS--GENERAL INFORMATION | |
| fixed length control field | 160317t20162016my ao f a000 0beng |
| 015 ## - NATIONAL BIBLIOGRAPHY NUMBER | |
| National bibliography number | M16-03785 |
| 020 ## - INTERNATIONAL STANDARD BOOK NUMBER | |
| International Standard Book Number | 9789671156544 |
| Qualifying information | paperback |
| Terms of availability | RM10.00 |
| 039 #9 - LEVEL OF BIBLIOGRAPHIC CONTROL AND CODING DETAIL [OBSOLETE] | |
| Level of rules in bibliographic description | 201608271207 |
| Level of effort used to assign nonsubject heading access points | zaleha |
| Level of effort used to assign subject headings | 201608260730 |
| Level of effort used to assign classification | amy_z |
| 040 ## - CATALOGING SOURCE | |
| Original cataloging agency | BNM |
| Language of cataloging | eng |
| Transcribing agency | BNM |
| Description conventions | rda |
| Modifying agency | PPAK |
| 049 ## - LOCAL HOLDINGS (OCLC) | |
| Holding library | mal |
| 082 04 - DEWEY DECIMAL CLASSIFICATION NUMBER | |
| Edition number | 23 |
| Classification number | 759.9595 |
| 090 00 - LOCALLY ASSIGNED LC-TYPE CALL NUMBER (OCLC); LOCAL CALL NUMBER (RLIN) | |
| Classification number (OCLC) (R) ; Classification number, CALL (RLIN) (NR) | 759.9595 |
| Feature heading | TRA |
| Feature heading | KSF |
| 111 2# - MAIN ENTRY--MEETING NAME | |
| Meeting name or jurisdiction name as entry element | Travelling Into Imaginaria : A Visual Poetry |
| Date of meeting | (2016 : |
| Location of meeting | Kuala Lumpur) |
| 245 10 - TITLE STATEMENT | |
| Title | Travelling Into Imaginaria : |
| Remainder of title | A Visual Poetry : Shahrul Hisham Ahmad Tarmizi / |
| Statement of responsibility, etc. | Editor : Assoc. Prof. Dr. Ruslan Abd. Rahim |
| 264 #1 - PRODUCTION, PUBLICATION, DISTRIBUTION, MANUFACTURE, AND COPYRIGHT NOTICE | |
| Place of production, publication, distribution, manufacture | Kuala Lumpur : |
| Name of producer, publisher, distributor, manufacturer | UiTM Art & Design Sdn. Bhd, |
| Date of production, publication, distribution, manufacture, or copyright notice | [2016] |
| Place of production, publication, distribution, manufacture | Kuala Lumpur : |
| Name of producer, publisher, distributor, manufacturer | Segaris Art Center (SAc), |
| Date of production, publication, distribution, manufacture, or copyright notice | ©2016 |
| 300 ## - PHYSICAL DESCRIPTION | |
| Extent | 42 pages : |
| Other physical details | colour photographs ; |
| Dimensions | 22 cm. |
| 336 ## - CONTENT TYPE | |
| Content type term | text |
| Source | rdacontent |
| 337 ## - MEDIA TYPE | |
| Media type term | unmediated |
| Source | rdamedia |
| 338 ## - CARRIER TYPE | |
| Carrier type term | volume |
| Source | rdacarrier |
| 500 ## - GENERAL NOTE | |
| General note | This catalogue is published in conjunction with "Travelling Into Imaginaria : A Visual Poetry" by Shahrul Hisham Ahmad Tarmizi held at Segaris Art Center (SAc), Kuala Lumpur from 12 - 26 January 2016. |
| 600 04 - SUBJECT ADDED ENTRY--PERSONAL NAME | |
| Personal name | Shahrul Hisham Ahmad Tarmizi |
| Form subdivision | Biography |
| 650 10 - SUBJECT ADDED ENTRY--TOPICAL TERM | |
| Topical term or geographic name entry element | Arts, Malaysian |
| Form subdivision | Exhibitions |
| Topical term or geographic name entry element | Art |
| Form subdivision | Exhibitions |
| Topical term or geographic name entry element | Painting |
| Geographic subdivision | Malaysia |
| Form subdivision | Exhibitions |
| 700 0# - ADDED ENTRY--PERSONAL NAME | |
| Personal name | Ruslan Abd. Rahim, |
| Titles and other words associated with a name | Prof. Madya, Dr., |
| Relator term | editor. |
| 942 ## - ADDED ENTRY ELEMENTS (KOHA) | |
| Source of classification or shelving scheme | Dewey Decimal Classification |
| Koha item type | Book |
| 949 ## - LOCAL PROCESSING INFORMATION (OCLC) | |
| 6 | 2000489208 |
| 6 | 2000489209 |
| Withdrawn | Not for loan | Current library | Shelving location | Date acquired | Total Checkouts | Full call number | Barcode | Date last seen | Koha item type |
|---|---|---|---|---|---|---|---|---|---|
| Not For Loan | Perpustakaan Baling | Koleksi Syarifah Fatimah | 19/04/2023 | KSF 759.9595 TRA | A00217849 | 19/04/2023 | Book |